| 000 | 00792cam a2200217 a 4500 | ||
|---|---|---|---|
| 001 | 000004368 | ||
| 005 | 20200929151431.0 | ||
| 008 | 831101s1943 sp b 000 f spa | ||
| 040 |
_aDO-SdBNP _bspa _cBNPHU |
||
| 041 | 1 | 7 |
_aspa _heng |
| 082 |
_a823.8 _bT363a |
||
| 100 | 1 |
_aThackeray, William Makepeace, _q(William Makepeace Thackeray) _d1811-1863. _912867 |
|
| 240 | 1 | 4 |
_aThe memoirs of Barry Lyndon, Esq. _lEspañol. |
| 245 | 1 | 4 |
_aAventuras de Barry Lyndon / _cWilliam Thackeray ; traducción, Rafael Vásquez-Zamora. |
| 260 |
_aBarcelona ; : _bDestino, _c1943. |
||
| 300 |
_a412 p. ; _c20 cm. |
||
| 534 |
_aTítulo original: _tThe memoirs of Barry Lyndon, Esq |
||
| 650 | 4 |
_aNovela inglesa _91071 |
|
| 650 | 4 |
_aLiteratura inglesa _9498 |
|
| 700 | 1 |
_aVázquez-Zamora, Rafael, _etr. _d1946- _912868 |
|
| 999 |
_c4177 _d4177 |
||